000 00396nam a2200145Ia 4500
008 230711s9999||||xx |||||||||||||| ||und||
041 _aENG
082 _a4
_bDE-D
100 _aDeniel,Lytnn A
245 0 _aData communication fundamentals and application
250 _a1st Ed.
260 _c1987
_aNew Delhi
_bCBS Publishers & Distributors Pvt.Ltd
650 _aComputer Engineering
942 _cBK
999 _c1377
_d1377